| 000 -LEADER |
| fixed length control field |
00346nam a22001457a 4500 |
| 008 - FIXED-LENGTH DATA ELEMENTS--GENERAL INFORMATION |
| fixed length control field |
230705b ||||| |||| 00| 0 eng d |
| 020 ## - INTERNATIONAL STANDARD BOOK NUMBER |
| International Standard Book Number |
9780970491930 |
| 041 ## - LANGUAGE CODE |
| Language code of text/sound track or separate title |
eng |
| 080 ## - UNIVERSAL DECIMAL CLASSIFICATION NUMBER |
| Edition identifier |
FIRST EDITION |
| Universal Decimal Classification number |
316 |
| 082 ## - DEWEY DECIMAL CLASSIFICATION NUMBER |
| Classification number |
316JEN |
| 100 ## - Rafti |
| Rafti |
24 |
| 101 ## - Shkurtesa |
| Shkurtesa |
SOG |
| 245 ## - TITLE STATEMENT |
| Title |
SOCIOLOGICAL THEORY A CRITICAL PRIMER |
| Statement of responsibility, etc |
JENSEN .A.W |
| 942 ## - ADDED ENTRY ELEMENTS (KOHA) |
| Source of classification or shelving scheme |
|
| Item type |
Books |